Cost and management accounting : (Record no. 344618)
[ view plain ]
| 000 -LEADER | |
|---|---|
| fixed length control field | 01805 a2200205 4500 |
| 020 ## - INTERNATIONAL STANDARD BOOK NUMBER | |
| International Standard Book Number | 184480349X |
| 020 ## - INTERNATIONAL STANDARD BOOK NUMBER | |
| International Standard Book Number | 9781844803491 |
| 082 04 - DEWEY DECIMAL CLASSIFICATION NUMBER | |
| Classification number | 657 |
| 090 ## - LOCALLY ASSIGNED LC-TYPE CALL NUMBER (OCLC); LOCAL CALL NUMBER (RLIN) | |
| -- | 2115 |
| -- | 2115 |
| 100 1# - MAIN ENTRY--PERSONAL NAME | |
| Personal name | Drury, Colin. |
| 245 10 - TITLE STATEMENT | |
| Title | Cost and management accounting : |
| Remainder of title | an introduction / |
| Statement of responsibility, etc. | Colin Drury. |
| 250 ## - EDITION STATEMENT | |
| Edition statement | 6th ed. |
| 260 ## - PUBLICATION, DISTRIBUTION, ETC. | |
| Place of publication, distribution, etc. | [S.l.] : |
| Name of publisher, distributor, etc. | Thomson, |
| Date of publication, distribution, etc. | 2006. |
| 300 ## - PHYSICAL DESCRIPTION | |
| Extent | 596 p. ; |
| Dimensions | 26 cm. |
| 500 ## - GENERAL NOTE | |
| General note | Paperback. |
| 520 ## - SUMMARY, ETC. | |
| Summary, etc. | The aim of this established and best-selling textbook is to provide an introduction to the theory and practice of cost and management accounting. The book is intended primarily for accounting students who are pursuing a one or two semester basic introductory cost and management accounting course. It covers the basic topics needed on an introductory course in management accounting. This book is a companion volume to Management and Cost Accounting, which includes more advanced topics not suitable for introductory courses. Overall, the book is a rigorous, clear and easy-to understand introduction to cost and management accounting, with a tried and tested successful format that has enabled literally thousands of students to pass their exams. The book has an accompanying Student's Manual, which is an optional purchase for students. It contains answers to Review Problems in the white-tinted text boxes. The book stands entirely on its own without the Student's Manual. There is also a hard-copy Instructor's manual available. There is a Companion Website where tutors can download the Student's manual and Instructor's Manual as well as other resources. |
| 856 40 - ELECTRONIC LOCATION AND ACCESS | |
| Materials specified | Amazon.com |
| Uniform Resource Identifier | <a href="http://www.amazon.com/exec/obidos/ASIN/184480349X/chopaconline-20">http://www.amazon.com/exec/obidos/ASIN/184480349X/chopaconline-20</a> |
| 856 40 - ELECTRONIC LOCATION AND ACCESS | |
| Materials specified | Amazon customer reviews |
| Uniform Resource Identifier | <a href="http://www.chopac.org/cgi-bin/tools/azrev.pl?q=184480349X">http://www.chopac.org/cgi-bin/tools/azrev.pl?q=184480349X</a> |
| 942 ## - ADDED ENTRY ELEMENTS (KOHA) | |
| Institution code [OBSOLETE] | NBS |
| Koha item type | Book |
| Call number prefix | 658.15 DRU |
| Withdrawn status | Lost status | Damaged status | Not for loan | Permanent Location | Current Location | Date acquired | Total Checkouts | Total Renewals | Full call number | Barcode | Date last seen | Date last checked out | Price effective from | Koha item type | Checked out |
|---|---|---|---|---|---|---|---|---|---|---|---|---|---|---|---|
| Central Library (CL) | Central Library (CL) | 08/28/2013 | 2 | 3 | 658.15 DRU | NBS8205 | 04/14/2026 | 01/08/2026 | 08/28/2013 | Book | |||||
| Central Library (CL) | Central Library (CL) | 08/28/2013 | 1 | 3 | 658.15 DRU | NBS8032 | 01/26/2026 | 01/26/2026 | 08/28/2013 | Book | 02/25/2026 |
